000 00342 a2200157 4500
001 58385
020 _a8508057776
040 _cAnchieta - Pituba
100 _aSabino, Fernando
240 1 0 _aO outro gume da faca
_lpor
245 1 0 _aO outro gume da faca
300 _a103
362 0 _a1996
650 4 _aFicção brasileira
942 _cBK
999 _c58385
_d58385